Methods of testing vulcanized rubber. Part A 47. Analysis of multi-peak traces obtained in determinations of tear strength and adhesion strength. (Record no. 73192)

MARC details
000 -LEADER
fixed length control field 00498nam a2200145Ia 4500
245 #0 - TITLE STATEMENT
Title Methods of testing vulcanized rubber. Part A 47. Analysis of multi-peak traces obtained in determinations of tear strength and adhesion strength.
260 ## - PUBLICATION, DISTRIBUTION, ETC. (IMPRINT)
Year of publication 1982
500 ## - GENERAL NOTE
General note Standard number: BS 903 Part A 47 ISO 6133; 1981
650 ## - SUBJECT ADDED ENTRY--TOPICAL TERM
Topical Term Adhesion strength
650 ## - SUBJECT ADDED ENTRY--TOPICAL TERM
Topical Term Keywords
650 ## - SUBJECT ADDED ENTRY--TOPICAL TERM
Topical Term Tear strength
650 ## - SUBJECT ADDED ENTRY--TOPICAL TERM
Topical Term Vulcanized rubber
942 ## - ADDED ENTRY ELEMENTS (KOHA)
Koha item type Standards
Holdings
Withdrawn status Lost status Damaged status Not for loan Collection code Home library Current library Date acquired Koha item type
      Standards British standards RRII Library RRII Library 31/12/2021 Standards